Discerning students drive up quality of facilities (Record no. 76872)
[ view plain ]
| 000 -LEADER | |
|---|---|
| fixed length control field | 01095cab a2200181 4500 |
| 001 - CONTROL NUMBER | |
| control field | ##L133218 |
| 008 - FIXED-LENGTH DATA ELEMENTS--GENERAL INFORMATION | |
| fixed length control field | 060420n2006 000 0 eng u |
| 035 ## - SYSTEM CONTROL NUMBER | |
| System control number | (Sirsi) u133218 |
| 041 0# - LANGUAGE CODE | |
| Language code of text/sound track or separate title | eng |
| 100 1# - MAIN ENTRY--PERSONAL NAME | |
| Personal name | Morrison, Doug |
| 245 00 - TITLE STATEMENT | |
| Title | Discerning students drive up quality of facilities |
| 260 ## - PUBLICATION, DISTRIBUTION, ETC. | |
| Date of publication, distribution, etc. | 2006 |
| 490 #0 - SERIES STATEMENT | |
| Series statement | Facilities Management |
| Volume/sequential designation | 13(7) April 2006, 10-12(3) |
| 520 ## - SUMMARY, ETC. | |
| Summary, etc. | Reports that an increasing number of universities are using the private sector to help fund student accommodation and other facilities. Both the private sector and an increasing number of universities believe that the standard of accommodation may be a crucial factor in attracting students, particularly those from abroad. The University Partnerships Programme (UPP), which offers a design-build-operate service to universities, has recently launched a facilities management division, and has also formed a public-private partnership with the University of Plymouth to develop its academic facilities. |
| 590 ## - LOCAL NOTE (RLIN) | |
| Local note | IKA250406 |
| 690 ## - LOCAL SUBJECT ADDED ENTRY--TOPICAL TERM (OCLC, RLIN) | |
| Topical term or geographic name as entry element | PROPERTY-OTHER PROPERTY TYPES-HALLS OF RESIDENCE |
| 942 ## - ADDED ENTRY ELEMENTS (KOHA) | |
| Suppress in OPAC | 0 |
| Withdrawn status | Lost status | Source of classification or shelving scheme | Damaged status | Not for loan | Home library | Current library | Shelving location | Date acquired | Total Checkouts | Full call number | Barcode | Date last seen | Copy number | Price effective from | Koha item type |
|---|---|---|---|---|---|---|---|---|---|---|---|---|---|---|---|
| Dewey Decimal Classification | London | London | Journal article | 20/04/2006 | L133218 | 133218-1001 | 06/08/2019 | 1 | 06/08/2019 | Journal article |